[Event "Dhaka Gateway Academy op"]
[Site "Dhaka"]
[Date "2020.01.02"]
[Round "4"]
[White "Faysal Hasan, Bappy"]
[Black "Noshin, Anjum"]
[Result "0-1"]
[WhiteElo "1627"]
[BlackElo "1858"]
[PlyCount "130"]
[EventDate "2019.12.30"]
[EventType "team-tourn"]
[EventRounds "7"]
[EventCountry "BAN"]
[SourceTitle "CBM 194 Extra"]
[Source "ChessBase"]
[SourceDate "2020.03.31"]
[SourceVersion "1"]
[SourceVersionDate "2020.03.31"]
[SourceQuality "1"]

1. e4 e5 2. Nf3 Nc6 3. Bc4 Bc5 4. c3 Nf6 5. d3 d6 6. Bg5 h6 7. Bh4 a6 8. Bb3 Ba7 9. Nbd2 0-0 10. Qe2 Be6 11. Bc2 Re8 12. h3 d5 13. g4 dxe4 14. dxe4 Qe7 15. a3 Bd7 16. 0-0-0 b5 17. g5 hxg5 18. Nxg5 Nd8 19. Bg3 c5 20. Bb3 c4 21. Bc2 a5 22. Ngf3 Bb8 23. Nf1 Bd6 24. Ne3 b4 25. Nxc4 Bb5 26. Bd3 Bxc4 27. Bxc4 bxc3 28. a4 cxb2+ 29. Kb1 Nb7 30. Bh4 Nc5 31. Qc2 Ncxe4 32. Qxe4 Nxe4 33. Bxe7 Nc3+ 34. Kc2 Nxd1 35. Bxd6 Rac8 36. Rxd1 Rxc4+ 37. Kxb2 Rf4 38. Rd3 Rd8 39. Kc3 Rxa4 40. Nxe5 Re4 41. Nc4 Rc8 42. Rd4 Re1 43. Ba3 Rh1 44. Rd3 Rc6 45. Be7 Rc1+ 46. Kd2 R1xc4 47. Rd8+ Kh7 48. h4 Re4 49. Bg5 f6 50. Be3 Rxh4 51. Rd5 a4 52. Ra5 Rhc4 53. Ke2 Rc8 54. Rh5+ Kg6 55. Ra5 Rb4 56. Kf3 Rcc4 57. Ra8 Rb3 58. Ke2 Rc2+ 59. Kd1 Ra2 60. Bd2 Rb1+ 61. Bc1 Raa1 62. Rc8 a3 63. Kd2 a2 64. Rc2 Rxc1 65. Rxa2 Rxa2+ 0-1